Guess the Footballers by their Teams #2 - Statistics

General Stats
  • This quiz has been taken 830 times
  • The average score is 7 of 10
Answer Stats
Hint Answer % Correct
1998-2018. Le Mans, Guingamp, Marseille, Chelsea, Shanghai Shenhua, Galatasaray, Chelsea, Montreal Impact, Phoenix Rising, Ivory Coast. Didier Drogba
97%
1984-2009. AC Milan, Italy. Paolo Maldini
87%
1998-2015. Gremio, Paris Saint-Germain, Barcelona, AC Milan, Flamengo, Atletico Mineiro, Queretaro, Fluminense, Brazil. Ronaldinho
82%
2016-. Borussia Dortmund, Chelsea, Borussia Dortmund (loan), USA. Christian Pulisic
81%
1993-2011. Cruzeiro, PSV, Barcelona, Inter Milan, Real Madrid, AC Milan, Corinthians, Brazil. Ronaldo
74%
2009-. Valencia B, Valencia, Malaga, Real Madrid, Spain. Isco
57%
1998-2019. Millwall, Everton, New York Red Bulls, Shanghai Shenhua, Hangzhou Greentown, Melbourne City, Millwall, Jamshedpur, Australia. Tim Cahill
57%
1956-1980. Manchester United, Preston North End, Waterford, Newcastle KB United, Perth Azzurri, Blacktown City, England. Bobby Charlton
55%
1996-2015. Paris Saint-Germain, Arsenal, Real Madrid, Paris Saint-Germain, Liverpool (loan), Manchester City, Fenerbahce, Bolton Wanderers, Chelsea, Shanghai Shenhua, Juventus (loan), West Bromwich Albion, Mumbai City FC, France. Nicolas Anelka
49%
1927-1947. Inter Milan, AC Milan, Juventus, Varese, Atalanta, Inter Milan, Italy. Giuseppe Meazza
27%
No matching quizzes found
Score Distribution
Percent of People with Each Score
Percentile by Number Answered
Your Score History
You have not taken this quiz